000 00472nam a2200229Ia 4500
001 067767
003 YMCAF
005 20230512160447.0
008 100717s1968 ||||||||||||||||| ||und|d
020 _a-
024 _a67767
035 _a7230
040 _aYMCAF
_beng
_cIN-KoLT
041 _aeng
100 _aTHOMAS, M A
245 0 _aT.V. SYNC & DEFLECTION CIRCUITS
250 _a-
260 _bHOWARD
_c1968
653 _a-
653 _a-
942 _2ddc
_cBK
999 _c4684
_d4684